Score 0/13 Timer 02:00
0 Plays Today
Clue Word % Correct
Robert Hazard song popularly covered by Cyndi Lauper: ''Girls Just Want to ____ Fun''HAVE
96.6%
Winner of 2011 Grammy for ''Song of the Year'': ____ AntebellumLADY
94.6%
Track heard on album referenced below: ''Poker ____''FACE
91.1%
Party with high-tempo songs and light shows, or the well-received review of an artist's new albumRAVE
86.5%
17th ''Greatest Song of All Time'', according to ''Rolling Stone'': ''Purple ____''HAZE
85.5%
The finale of Rossini's ''William Tell Overture'' playfully accompanies this competition of speedRACE
80.5%
SNL Digital Short that features a rapping Andy Samberg and Chris Parnell: ''____ Sunday''LAZY
80.1%
Simon & Garfunkel hit: ''A ____ Shade of Winter''HAZY
77.8%
Type of grand event where music might be played in the backgroundGALA
63.8%
Queen song that musician [Rung 01 + Rung 13] credits for their performing name: ''Radio ____''GAGA
61.4%
Surname of character who sang ''Over the Rainbow'' in 1939 film ''The Wizard of Oz''GALE
57.5%
Track heard on album referenced above: ''Love____''GAME
45.9%
With ''The'', first studio album by [Rung 01 + Rung 13]FAME
45.3%

Today's Daily Dose

Missing Word
I Hardly Know Her!

Word Ladder
Sentence Ending

Quick Pick
Female Firsts

Get the Picture
Triathlon Sports

Remove Ads.
Support Sporcle.
Get the best of Sporcle when you Go Orange. This ad-free experience offers more features, more stats, and more fun while also helping to support Sporcle. Thank you for becoming a member.

You're not logged in!

Compare scores with friends on all Sporcle quizzes.
OR
Log In

Show Comments

Extras

Top Quizzes Today


Score Distribution

Your Account Isn't Verified!

In order to create a playlist on Sporcle, you need to verify the email address you used during registration. Go to your Sporcle Settings to finish the process.

Report this User

Report this user for behavior that violates our Community Guidelines.

Details: